000 00153 a2200085 4500
041 _aeng
100 _aDavid Mckeegan
245 _aWorkbook 2A
942 _cBK
999 _c15587
_d15587